| 000 | 00504nam a2200169Ia 4500 | ||
|---|---|---|---|
| 999 |
_c26172 _d26172 |
||
| 003 | OSt | ||
| 005 | 20231215101658.0 | ||
| 008 | 190216s9999||||xx |||||||||||||| ||und|| | ||
| 040 | _coclc | ||
| 082 |
_a894.812 _bAZH/M |
||
| 100 | 0 |
_aAzheekode, Sukumar _d1926-2012 _91868 |
|
| 245 | 0 |
_aMalayalasahityavimarsanam / _cSukumar Azhikode |
|
| 260 |
_bDc Books, _aKottayam: _c1985. |
||
| 300 | _a375 | ||
| 650 | _aSahithya Vimarshanam | ||
| 942 |
_cBK _2ddc _h894.812 _iAZH/M _k894.812 _mAZH/M |
||